logo

Bir Sreshtho Munshi Abdur Rouf Library
Jhenaidah Cadet College

ছোটদের: (Record no. 13441)

MARC details
000 -LEADER
fixed length control field 00728nam a2200217 a 4500
001 - CONTROL NUMBER
JCCL Control Number 13441
003 - CONTROL NUMBER IDENTIFIER
JCCL marc code BD-JhCC
005 - DATE AND TIME OF LATEST TRANSACTION
control field 20230924080941.0
008 - FIXED-LENGTH DATA ELEMENTS--GENERAL INFORMATION
fixed length control field 171017s20172020bg |||| ||a| 00| 0 ben d
035 ## - SYSTEM CONTROL NUMBER
system control number (BD-JhCC) 13441
040 ## - CATALOGING SOURCE
Original cataloging agency BD-JhCC
Modifying agency BD-JhCC
041 ## - LANGUAGE CODE
Language code of Book bengali
082 ## - DEWEY DECIMAL CLASSIFICATION NUMBER
Author mark and Year MIA 2020
100 ## - MAIN ENTRY--PERSONAL NAME
Personal name মিয়া, ড. মুহাম্মদ মোহন
111 ## - MAIN ENTRY--MEETING NAME
Relator code যায়নাব,সালমা উম্মে
245 ## - TITLE STATEMENT
Title ছোটদের:
Remainder of title মুসলিম মনীষা /
Statement of responsibility, etc ড. মুহাম্মদ মোহন মিয়া।
260 ## - PUBLICATION, DISTRIBUTION, ETC. (IMPRINT)
Place of publication, distribution, etc ঢাকা:
Name of publisher, distributor, etc শিশুকানন;
Date of publication, distribution, etc 2020.
300 ## - PHYSICAL DESCRIPTION
Pagination 136 p. :
Dimensions 22 cm.
651 ## - SUBJECT ADDED ENTRY--GEOGRAPHIC NAME
Geographic name Muslim Legend
942 ## - ADDED ENTRY ELEMENTS (KOHA)
Source of classification or shelving scheme Dewey Decimal Classification
Koha item type Books
Holdings
Source of classification or shelving scheme Damaged status Not for loan Home library Current library Shelving location Date of accession Cost, normal purchase price Full call number Barcode Date last seen Copy number Method of acquisition Koha item type Currency
Dewey Decimal Classification     JCC Rouf Library JCC Rouf Library General Stacks 09/18/2023 120.00 297.18 MIA 2020 18311 09/18/2023 C-1 Purchase Books BDT

JCC Library | Contacts | JCC Home

Last Update on 23 September 2017
Copyright @ 2017-2020 JCC Rouf Library
Rouf Library, Jhenidah Cadet College (JCC), Bangladesh